Online
Catalog

Cecilio Acosta : (Record no. 6237)

MARC details
000 -CABECERA
campo de control de longitud fija 00755nam a2200217 a 4500
001 - NÚMERO DE CONTROL
campo de control 000006442
005 - FECHA Y HORA DE LA ÚLTIMA TRANSACCIÓN
campo de control 20200929153930.0
008 - DATOS DE LONGITUD FIJA--INFORMACIÓN GENERAL
campo de control de longitud fija 980916s1998 ve b 000 0 spa
040 ## - FUENTE DE LA CATALOGACIÓN
Centro catalogador/agencia de origen DO-SdBNP
Lengua de catalogación spa
Centro/agencia transcriptor BNPHU
082 ## - NÚMERO DE LA CLASIFICACIÓN DECIMAL DEWEY
Número de clasificación 928.87
Número de documento/Ítem A185G, 1998
100 1# - ENTRADA PRINCIPAL--NOMBRE DE PERSONA
Nombre de persona García, Rosalina,
Fechas asociadas al nombre 1967-
9 (RLIN) 17886
245 10 - MENCIÓN DE TÍTULO
Título Cecilio Acosta :
Resto del título selección antológica /
Mención de responsabilidad, etc. Rosalina García.
250 ## - MENCIÓN DE EDICIÓN
Mención de edición 2a ed.
260 ## - PUBLICACIÓN, DISTRIBUCIÓN, ETC.
Lugar de publicación, distribución, etc. Los Teques, Venezuela :
Nombre del editor, distribuidor, etc. Fundacion Universitaria "Cecilio Acosta",
Fecha de publicación, distribución, etc. 1998.
300 ## - DESCRIPCIÓN FÍSICA
Extensión 57 p. ;
Dimensiones 21 cm.
500 ## - NOTA GENERAL
Nota general Homenaje a Cecilio Acosta en los 180 años de su nacimiento.
504 ## - NOTA DE BIBLIOGRAFÍA, ETC.
Nota de bibliografía, etc. Bibliográficas: p. 57
600 14 - PUNTO DE ACCESO ADICIONAL DE MATERIA--NOMBRE DE PERSONA
Nombre de persona ACOSTA, CECILIO,
Fechas asociadas al nombre 1818-1881.
9 (RLIN) 17887
650 #4 - PUNTO DE ACCESO ADICIONAL DE MATERIA--TÉRMINO DE MATERIA
Término de materia o nombre geográfico como elemento de entrada Poesía venezolana
9 (RLIN) 4230
650 #4 - PUNTO DE ACCESO ADICIONAL DE MATERIA--TÉRMINO DE MATERIA
Término de materia o nombre geográfico como elemento de entrada Literatura venezolana
9 (RLIN) 3816
Holdings
Estado de retiro Estado de pérdida Restricciones de uso No para préstamo Código de colección Localización permanente Ubicación/localización actual Ubicación en estantería Fecha de adquisición Número de inventario Total de préstamos Signatura topográfica completa Código de barras Fecha visto por última vez Precio válido a partir de Tipo de ítem Koha Número de copia
      Excluido de préstamo Monografías: Libros y Folletos General General Depósito 28.08.2009 LF1   928.87 A185G, 1998 6442-10 25.06.2020 25.06.2020 No se presta  
      Excluido de préstamo Monografías: Libros y Folletos Patrimonio Dominicano Patrimonio Dominicano Depósito 26.05.2017 LF1   928.87 A185G, 1998 6442-20 25.06.2020 25.06.2020 No se presta e. 2

Powered by Koha